000 00693cam a22002291 4500
001 51031
003 BD-RjUL
005 20211209075612.0
008 160829s1968 ne b 001 0 eng
035 _a(BD-RjUL)51151
040 _aDLC
_cDLC
_dm.c.
_dRCD
_dBD-RjUL
_beng
041 1 _aeng
082 _223
_a514
_bENO 1968
100 1 _aEngelking, R.
_9152685
245 1 0 _aOutline of general topology /
_cR. Engelking ; Translated from the Polish by K. Sieklucki.
260 _aAmsterdam :
_bNorth-Holland Pub. Co.,
_cc1968.
300 _a388 p. ;
_c25 cm.
504 _aInclude bibliography and index.
650 0 _aTopology.
_9152686
700 _aSieklucki, K.
_9152687
942 _2ddc
_cBK
999 _c51031
_d51031